|
|
|
|
| LEADER |
01749nam a2200361 a 4500 |
| 001 |
0017009 |
| 003 |
BD-DhAAL |
| 008 |
090823m2005 enka 000 0 eng d |
| 010 |
|
|
|a 2006700184
|
| 020 |
|
|
|a 9780521718080
|
| 020 |
|
|
|a 9780521549165 (pbk. : Student's bk. 3)
|
| 020 |
|
|
|a 0521549167 (pbk. : Student's bk. 3)
|
| 040 |
|
|
|a UKM
|b eng
|c UKM
|d BAKER
|d DLC
|d BD-DhAAL
|
| 082 |
0 |
4 |
|a 428.24
|2 22
|
| 100 |
1 |
|
|a Dignen, Bob.
|9 58412
|
| 245 |
1 |
0 |
|a English 365 :
|b for work and life /
|c Bob Dignen, Steve Flinders, Simon Sweeney.
|
| 246 |
3 |
|
|a English three hundred sixty-five
|
| 260 |
|
|
|a Cambridge :
|b Cambridge University Press,
|c 2004-<2005>
|
| 300 |
|
|
|a bk. <2-3> :
|b ill. (some col.) ;
|c 28 cm
|
| 490 |
0 |
|
|a Cambridge professional English
|
| 505 |
1 |
|
|a -- Student's bk. 2 -- Student's bk. 3.
|
| 526 |
|
|
|a CFL, BRACU
|x Beth Trudell
English Language Fellow, BRAC Institute of Languages (BIL)
|
| 541 |
1 |
|
|e 00017009
|a First English Education Institutes Limited
|
| 650 |
|
0 |
|a English language
|v Textbooks for foreign speakers.
|
| 650 |
|
0 |
|a English language
|x Business English
|v Problems, exercises, etc.
|9 8366
|
| 650 |
|
0 |
|a English language
|x Spoken English
|v Problems, exercises, etc.
|9 1938
|
| 650 |
|
0 |
|a Life skills
|v Problems, exercises, etc.
|9 58415
|
| 700 |
1 |
|
|a Flinders, Steve.
|9 58413
|
| 700 |
1 |
|
|a Sweeney, Simon.
|9 58414
|
| 852 |
4 |
|
|a Ayesha Abed Library
|c General Stacks
|
| 942 |
|
|
|2 ddc
|c BK
|
| 999 |
|
|
|c 3506
|d 3506
|
| 952 |
|
|
|0 0
|1 0
|2 ddc
|4 0
|6 428_240000000000000_DIG_2007
|7 0
|9 3183
|a BRACUL
|b BRACUL
|c GEN
|d 2009-09-01
|e First English Education Institutes Limited
|g 428.00
|l 1
|m 1
|o 428.24 DIG
|p 3010017009
|r 2015-04-04
|s 2015-03-31
|t 1
|w 2009-09-01
|y BK
|x Requisitioned by Beth Trudell, English Language Fellow, BRAC Institute of Languages (BIL) ; Rs 295.00
|